| 000 | 00876nam a2200181 a 4500 | ||
|---|---|---|---|
| 001 | 000004322 | ||
| 005 | 20250621074004.0 | ||
| 008 | 090721s19uu dr ac 001 0 spa d | ||
| 040 |
_aDO-SdBNP _bspa _cBNPHU |
||
| 082 |
_a324.27293 _bC749i |
||
| 245 | 0 | 0 | _aInforme político del Tercer Congreso del PTD. |
| 246 | 1 | 4 | _aInforme político del Tercer Congreso Manolo Tavárez |
| 260 |
_aSanto Domingo : _bPartido de los Trabajadores Dominicanos, _c[196-?]. |
||
| 300 |
_a111 p. : _bil., retrs. ; _c21 cm. |
||
| 500 | _aEl presente documento recoge el contenido de dos de los temas discutidos y sancionados por el III congreso ordinafio del partido : Informe político y Orientacion para manejo del programa minimo, evento que tuvo lugar los días 28, 29 y 30 de diciembre de 1986. | ||
| 650 | 0 |
_aPartidos políticos _93367 |
|
| 651 | 0 |
_aRepública Dominicana _xPolítica y gobierno _945 |
|
| 999 |
_c4131 _d4131 |
||